Statistics for Saved by the Bell

Click here to take the quiz!

General Stats

  • This quiz has been taken 315 times
    (198 since last reset)
  • The average score is 9 of 22

Answer Stats

QuestionsAnswer% Correct
What school is the show set at?Bayside High School
94%
What is Zack's surname?Morris
90%
In season 1, what colour does Kelly's face turn after putting on the zit cream that Zack made?Maroon
80%
Which actor played Screech?Dustin Diamond
78%
What occupation are Lisa's parents?Physicians
72%
What is Screech's first name?Samuel
70%
What year did Saved by the Bell start?1989
66%
In season 1, everyone is put into pairs to act act married life. Who is paired with Slater?Jessica 'Jessie' Spano
61%
Jessie's stepbrother is from which state?New York
53%
When did the show finish?1993
49%
In season 1, which girl do Zack and Slater both like?Kelly Kapowski
45%
In season 3, who does Kelly dump Zack for?Jeff Hunter
37%
What is the name of Screech's robot?Kevin
28%
What is the name of Bayside's radio stationKKTY Bayside
24%
Which character started the school in season 4?Tory Scott
21%
In season 4, during Student-Teacher week, who becomes gym teachers?Lisa and Screech
16%
Who is the owner of Malibu Sands Resort?Leon Carosi
15%
In season 1, the gang take care of Kelly's baby brother, what is his name?Billy Kapowski
10%
What University did Jessie attend after graduation?Columbia University
9%
What is the name of Zach and Kelly's song?A12
5%
Which teacher talks extremeley fast?George Testaverde
5%
Which two people does James-the-actor impersonate?Zack's Dad and Principal Belding
4%

Score Distribution

Percentile by Number Answered

Percent of People with Each Score

Your Score History

You have not taken this quiz since the last reset